Adopción de tecnología agrícola para el impulso de la producción de maíz de temporal en el estado de Tlaxcala : análisis de los factores limitantes y favorables /

Investigación sobre el cultivo de maíz en el último trimestre de 1974 y 1975 en el estado de Tlaxcala para: identificar las recomendaciones de uso de tecnología que siguen los agricultores de la región para aumentar sus rendimientos, el grado en que cumplen las recomendaciones y determinar los facto...

Deskribapen osoa

Gorde:
Xehetasun bibliografikoak
Egile nagusia: Reyna Corona, Enrique (autor)
Beste egile batzuk: Portillo Vázquez, Marcos (autor) (autor), Sánchez Cisneros, José Luis (autor) (autor)
Formatua: Liburua
Hizkuntza:gaztelania
Saila:(Folleto de Investigaciones ; 61)
Gaiak:
Etiketak: Etiketa erantsi
Etiketarik gabe, Izan zaitez lehena erregistro honi etiketa jartzen!

MARC

LEADER 00000nam^a2200000^a^4500
001 000183463
005 20250521000000.0
009 20260310102041.368
037 |a Acervo ITESO - Biblioteca 
041 |a ESP 
082 |a 633. 15  |b REY 
100 |a Reyna Corona, Enrique  |e (autor) 
245 1 0 |a Adopción de tecnología agrícola para el impulso de la producción de maíz de temporal en el estado de Tlaxcala :  |b análisis de los factores limitantes y favorables /  |c E. Reyna Corona, M. Portillo Vázquez, J.L. Sánchez Cisneros. 
264 |a México :  |b Instituto Nacional de Investigaciones Agrícolas :  |b Secretaría de Agricultura y Recursos Hidráulicos,  |c 1981 
300 |a 12 p. 
336 |a texto  |b txt  |2 rdacontenido 
337 |a sin mediación  |b n  |2 rdamedio 
338 |a volumen  |b nc  |2 rdasoporte 
440 1 |a (Folleto de Investigaciones ;  |v 61) 
520 |a Investigación sobre el cultivo de maíz en el último trimestre de 1974 y 1975 en el estado de Tlaxcala para: identificar las recomendaciones de uso de tecnología que siguen los agricultores de la región para aumentar sus rendimientos, el grado en que cumplen las recomendaciones y determinar los factores socioeconómicos que permiten u obstaculizan su adopción. 
649 |a XX 
650 |a Maíz -  |x Cultivo 
650 |a Cultivos -  |x Tecnología 
650 |a Maíz -  |z Tlaxcala -  |x Investigación 
650 |a Maíz -  |z México -  |x Investigación 
650 |a Agricultura -  |z Tlaxcala -  |x Aspectos Tecnológicos 
650 |a Agricultura -  |z Tlaxcala -  |x Aspectos Económicos 
650 |a Agricultura -  |z México -  |x Aspectos Tecológicos 
650 |a Agricultura -  |z México -  |x Aspectos Económicos 
650 |a Agricultura -  |z Tlaxcala -  |x Investigación 
650 |a Agricultura -  |z México -  |x Investigación 
700 |a Portillo Vázquez, Marcos  |e (autor) 
700 |a Sánchez Cisneros, José Luis  |e (autor) 
910 |a Fondo General 
920 |a Impresos - Libros 
930 |a Colección General 
905 |a 101 
901 |a 0500123660  |b IT1  |c ACC  |u 20250521 
902 |a https://opac.biblio.iteso.mx/vufind/Record/000183463